书目信息 |
| 题名: |
冶炼烟气治理工艺与技术
|
|
| 作者: | 刘玉强 著 | |
| 分册: | ||
| 出版信息: | 北京 化学工业出版社 2018.04 |
|
| 页数: | 206页 | |
| 开本: | 24cm | |
| 丛书名: | ||
| 单 册: | ||
| 中图分类: | X756 | |
| 科图分类: | ||
| 主题词: | 冶金工业--烟尘治理--研究--中国 | |
| 电子资源: | ||
| ISBN: | 978-7-122-31659-2 | |
| 000 | 00788nam0 2200217 450 | |
| 001 | 4209 | |
| 005 | 20181010145402.14 | |
| 010 | @a978-7-122-31659-2@dCNY68.00 | |
| 100 | @a20180612d2018 em y0chiy50 ea | |
| 101 | 0 | @achi |
| 102 | @aCN@b110000 | |
| 105 | @aa z 000yy | |
| 200 | 1 | @a冶炼烟气治理工艺与技术@9ye lian yan qi zhi li gong yi yu ji shu@f刘玉强著 |
| 210 | @a北京@c化学工业出版社@d2018.04 | |
| 215 | @a206页@c图@d24cm | |
| 330 | @a本书以冶炼烟气治理创新技术特点为主线,分工艺技术创新、清洁生产、设备效能的提升、安全创新技术及节能降耗创新优化五个章节,详细阐述了冶炼烟气治理创新技术及实践应用效果等内容。 | |
| 606 | 0 | @a冶金工业@x烟尘治理@x研究@y中国 |
| 690 | @aX756@v5 | |
| 701 | 0 | @a刘玉强@9liu yu qiang@4著 |
| 801 | 0 | @aCN@b91MARC@c20180612 |
| 905 | @aMuseLib@dX756@e274 | |
| 冶炼烟气治理工艺与技术/刘玉强著.-北京:化学工业出版社,2018.04 |
| 206页:图;24cm |
| ISBN 978-7-122-31659-2:CNY68.00 |
| 本书以冶炼烟气治理创新技术特点为主线,分工艺技术创新、清洁生产、设备效能的提升、安全创新技术及节能降耗创新优化五个章节,详细阐述了冶炼烟气治理创新技术及实践应用效果等内容。 |
| ● |
| 相关链接 |
|
|
|
|
正题名:冶炼烟气治理工艺与技术
索取号:X756/274
 
预约/预借
| 序号 | 登录号 | 条形码 | 馆藏地/架位号 | 状态 | 备注 |
| 1 | 1124056 | 211240566 | 第二样本阅览室/ [索取号:X756/274] | 在馆 | |
| 2 | 1124057 | 211240575 | 第三借阅区/ [索取号:X756/274] | 在馆 | |
| 3 | 1124058 | 211240584 | 第三借阅区/ [索取号:X756/274] | 在馆 | |
| 4 | 1124059 | 211240593 | 第三借阅区/ [索取号:X756/274] | 在馆 | |
| 5 | 1124060 | 211240600 | 化学系资料室/ [索取号:X756/274] | 在馆 |